000
00245nam a2200097Ia 4500
082
_a
641.5 FOOD
245
0
_a
Food for friends
100
_a
Major, Debbie London, 2009
_9
77753
942
_c
BK
008
210817s9999 xx 000 0 und d
999
_c
381483
_d
381481